Normal view
MARC view
Entry Personal Name
001 - CONTROL NUMBER
- control field: 7914
003 - CONTROL NUMBER IDENTIFIER
- control field: OSt
005 - DATE AND TIME OF LATEST TRANSACTION
- control field: 20211028144306.0
008 - FIXED-LENGTH DATA ELEMENTS
- fixed length control field: 211028|| aca||aabn | a|a d
040 ## - CATALOGING SOURCE
- Original cataloging agency: OSt
- Transcribing agency: OSt
100 ## - HEADING--PERSONAL NAME
- Personal name: Rekha; Pereira, Divya.
- Miscellaneous information: 1616161
670 ## - SOURCE DATA FOUND
- Source citation: Work cat.: (OSt): Rekha; Pereira, Divya. 1616161, Study on effectiveness of training at Kirloskar ferrous industries limited Koppal., 2018